=LDR 00000nam 2200000 4500 =001 INLIS000000000027133 =005 20130612125531 =008 ***********************************Ind** =035 ##$$0010-061300000027133 =041 ##$$a Ind =082 ##$$a 612.176 =090 ##$$a 612.176, Ikn b =100 ##$$a Iknoian, Therese =245 ##$$a Bugar dengan jalan, Therese Iknoian ; penerjemah, Eri Desmarini =260 ##$$a 2000 $b Jakarta =300 ##$$a vii, 156 hlm, ilus, 24 cm =650 ##$$a Olahraga berjalan-latihankebugaran =700 ##$$a Desmarini, Eri =850 ##$$a NBPNMAT